书目信息 |
| 题名: |
风趣名嘴
|
|
| 作者: | 方国 编著 | |
| 分册: | ||
| 出版信息: | 北京 中国人口出版社 2004.6 |
|
| 页数: | 310页 | |
| 开本: | 21cm | |
| 丛书名: | ||
| 单 册: | ||
| 中图分类: | H019 | |
| 科图分类: | ||
| 主题词: | 语言艺术--yu yan yi shu | |
| 电子资源: | ||
| ISBN: | 7-80079-970-0 | |
| 000 | 00843cam0 2200241 450 | |
| 001 | 012005054667 | |
| 005 | 20051021101010.1 | |
| 010 | @a7-80079-970-0@dCNY22.00 | |
| 100 | @a20050716d2004 em y0chiy0121 ea | |
| 101 | 0 | @achi |
| 102 | @aCN@b110000 | |
| 105 | @af z 000yy | |
| 200 | 1 | @a风趣名嘴@Afeng qu ming zui@d= Wisdom art taste@f方国编著@zeng |
| 210 | @a北京@c中国人口出版社@d2004.6 | |
| 215 | @a310页@c图@d21cm | |
| 330 | @a本书分为十一章,内容包括:名嘴的基本方法;名嘴的自我修炼;“交火”功夫秀;名嘴生活秀;语言解套高手;攻关赢家秀;出击有高招;风趣之美;风趣之能;畅通无阻的技巧;即兴名嘴的才华等。 | |
| 510 | 1 | @aWisdom art taste@zeng |
| 606 | 0 | @a语言艺术@Ayu yan yi shu |
| 690 | @aH019@v4 | |
| 701 | 0 | @a方国@Afang guo@4编著 |
| 801 | 0 | @aCN@bSRXX@c20050418 |
| 801 | 2 | @aCN@bSRXX@c20051021 |
| 905 | @a10447@dH019@eF196 | |
| 风趣名嘴= Wisdom art taste/方国编著.-北京:中国人口出版社,2004.6 |
| 310页:图;21cm |
| ISBN 7-80079-970-0:CNY22.00 |
| 本书分为十一章,内容包括:名嘴的基本方法;名嘴的自我修炼;“交火”功夫秀;名嘴生活秀;语言解套高手;攻关赢家秀;出击有高招;风趣之美;风趣之能;畅通无阻的技巧;即兴名嘴的才华等。 |
| ● |
| 相关链接 |
|
|
|
正题名:风趣名嘴
索取号:H019/F196
 
预约/预借
| 序号 | 登录号 | 条形码 | 馆藏地/架位号 | 状态 | 备注 |
| 1 | 542497 | 205424977 | 语言库209/209语言库 63排1列3层/ [索取号:H019/F196] | 在馆 | |
| 2 | 542498 | 205424986 | 语言库209/209语言库 63排1列3层/ [索取号:H019/F196] | 在馆 | |
| 3 | 542499 | 205424995 | 语言库209/209语言库 63排1列3层/ [索取号:H019/F196] | 在馆 |